000 03049nam0a2200409 4500
001 RU\NLR\BIBL_A\022638028
005 20251202171718.0
010 _a978-5-6054010-4-9
_91000
021 _aRU
_bАЛ-П-25-01183и
_9АЛ-П-25-0225
035 _a(NLR Aleph) 022638028
090 _a13497598
_c13497598
100 _a20251007d2025 k y0rusy50 ca
101 0 _arus
102 _aRU
105 _aac b 100yy
181 0 _ab3
_bxb2e
181 0 _ai2
_baxxe
182 0 _an
200 1 _aАлександр Траугот. Время Шостаковича. Графика
_e[каталог выставки], 8 августа - 31 октября 2025
_fСанкт-Петербургская академическая филармония имени Д. Д. Шостаковича
_g[тексты: Н. Г. Звенигородская и др.]
203 _aИзображение
_aТекст
_bвизуальные
_cнепосредственные
210 _aСанкт-Петербург
_cДеан
_d2025
215 _a[39] с.
_cил., цв. ил., портр.
_d29
300 _aНа тит. с.: К 50-летию присвоения Санкт-Петербургской академической филармонии имени Дмитрия Шостаковича
601 0 2 _aСанкт-Петербургская академическая филармония им. Д. Д. Шостаковича
_jКаталоги
_xВыставки
_z2025
_92687629
_3RU\NLR\AUTH\6601763124
604 _1700#1$aТраугот$bА.Г.$gАлександр Георгиевич$f1931
_15010#$aГрафика$xВыставки$yСанкт-Петербург, город$z2025$jКаталоги$2nlr_sh2$3RU\NLR\AUTH\6601763122
_aТраугот, Александр Георгиевич (1931)
_tГрафика
_xВыставки
_yСанкт-Петербург, город
_z2025
_jКаталоги
_92687627
_3RU\NLR\AUTH\6601763122
686 1 _aЩ153(2Р=Рус)7-8Траугот л62
686 1 _aЩ101.3(2Р)-2Санкт-Петербург2 Санкт-Петербургская академическая филармония им. Д. Д. Шостаковича л62
702 1 _aЗвенигородская
_bН.
_gНаталия
_4570
702 1 _4280
_7ca
_8rus
_aТраугот
_bА. Г.
_f1931-
_gАлександр Георгиевич
_929695
_3RU\NLR\AUTH\7746760
702 1 _4280
_7ca
_8rus
_aШостакович
_bД. Д.
_f1906-1975
_gДмитрий Дмитриевич
_92632
_3RU\NLR\AUTH\7719560
711 1 2 _a"Александр Траугот. Время Шостаковича. Графика", выставка
_eСанкт-Петербург
_f2025
_92680107
_3RU\NLR\AUTH\880632139
712 0 2 _4557
_aСанкт-Петербургская академическая филармония им. Д. Д. Шостаковича
_9778300
_3RU\NLR\AUTH\8810141764
942 _cBOOK
980 _aNB